000 02007nam a2200217Ia 4500
999 _c21377
_d21377
003 OSt
005 20210928125834.0
008 160316s2003 xxu||||| |||| 00| 0 eng d
020 _a9788178240480
040 _cn
082 _a344.046000
_bSAB
100 _aSaberwal Vasant K
245 _aBattles over nature : Science and the politics of conservation
260 _aDelhi
_bPermanent Black
_c2003
300 _a412p
_cix
365 _b Rs.695
505 _aContents: Part I: Biological imperatives : Why big, fierce animals are threatened : conserving large mammals in densely populated landscapes / M.D. Madhusudan and Charudutt Mishra; The anatomy of ignorance or ecology in a fragmented landscape : do we know what really counts? / Renee Borges; Ecology and objective based management : case study of the Keoladeo National Park, Bharatpur, Rajasthan / Beth Middleton; Conservation outside protected areas : case study of bustard protection / Asad R. Rahmani; Part II: The nature of ecological science : The authoritarian biologist and the arrogance of anti-humanism : wildlife conservation in the third world / Ramachandra Guha; Sustainability and the scientist's burden / Sharachchandra Lele and Richard B. Norgaard; Part III: Politics and conservation : The politics of ecology : the debate on wildlife and people in India, 1970-95 / Mahesh Rangarajan; Conservation by state fiat / Vasant K. Saberwal; Part IV: Community participation : States, communities, and conservation : the practice of ecodevelopment in the Great Himalayan National Park / Amita Baviskar; Forging a consensus in Rajaji National Park : an interview / B.M.S. Rathore; Community approaches to conservation : some comparisons from Africa and India / Alan Rodgers, Dawn Hartley and Sultana Bashir; Reflections on community involvement in conservation / K. Sivaramakrishnan
650 _a1. Political Ecology2. Nature Conservation - Political Aspects - India
700 _aRangarajan Mahesh
_a
942 _2ddc
_cBK